000 00729nam a2200241Ia 4500
005 20260121112653.0
008 7861 260114s9999 xx 000 0 eng d
020 _a9789812774408
037 _aEBOOK
040 _aCRL
_beng
_cCRL
041 _aeng
_2eng
084 _qCRL
100 _aFeudel Ulrike Et Al
_9961345
245 0 _aStrange Nonchaotic Attractors: Dynamics Between Order and Chaos in Quasiperiodically Forced Systems
260 _bWorld Scientific
260 _bWSPC
260 _c2006
650 _aNonlinear Science, Chaos & Dynamical Systems
_9961346
856 _uhttps://www.worldscientific.com/worldscibooks/10.1142/6006#t=toc
942 _cEBOOK
999 _c1545161
_d1545161